000 00897caa a22002417a 4500
999 _c422196
_d422196
001 133454
003 UA-OsUOA
005 20200104232721.0
007 ta
008 20181023b un ||||| |||| 00| 0 ukr d
040 _aUA-OsUOA
_brus
_cUA-OsUOA
_dUA-OsUOA
041 _arus
080 _a908
090 _a908
_bП35
100 _aПихоя Р. Г.
245 _aПриписки конца XVI в. на листах Острожской Библии из собрания Уральского государственного университета
_cР. Г. Пихоя
300 _aС. 21–32
650 7 _a908 Краєзнавство
_2UDC
773 0 _0320817
_9339441
_dЛьвів Наука 1987
_o72282
_tФедоровские чтения 1982
_w(UA-OsUOA) 34386
942 _cBKA
_2udc
955 _a1